Регионална библиотека "Любен Каравелов" - Русе

Източно-българските говори (Запис номер 57133)

MARC детайли
000 -Лидер
Контролно поле с фиксирана дължина 01556nam a2200337 c 4500
003 - Код на организацията, давaща контролен номер
Контролно поле BLK
005 - Дата и час на последна редакция
Контролно поле 20230628161810.0
008 - Елементи от данни с фиксирана дължина
fixed length control field 180408b bul|||||r ||||||| ||bul||
010 ## - Наследен системен номер
LC control number KNG00061123000
040 ## - Източник на каталожния запис
Идентификатор на билиотеката - собственик на записа BLK
041 ## - Код за език
Код за езика на текст/звукозапис или на отделно заглавие Български
Код за езика КДБФ Български
080 ## - УДК
Текстов определител УДК Български език
УДК код - определител по УДК 811.163.2
УДК определител -087
УДК - код + определител 811.163.2-087
100 ## - Редна дума - Автор
Автор Милетич, Любомир Георгиев
Дати, свързани с автора 1863-1937
R(LIN) 364757
139 ## - Редно поле
Редна дума Милетич, Любомир
Авторски знак Милет - М 58
245 10 - Сведения за заглавието
Заглавие Източно-българските говори
Подзаглавни данни Изследване
Редно поле (дума) Любомир Милетич; прев. от нем. Ана Димова; прев. от нем. Александър Александров; предг. от Иван Кочев.
257 ## - Страна на издаване
Страна на създаване/издаване България
260 ## - Област на издателските данни
-- София
Име на издателя, разпространителя и проч. БАН
Година на издаване 1989
300 ## - Физическа характеристика
Страници 192 с.
Илюстрации и др. с портр., 1 л. к.
Размери/Мащаб 25 см
380 ## - Жанр
Жанр Езикознание. Филология
500 ## - Общи забележки
Забележка Риг. загл. Das Ostbulgarische ; Прев. е направен от австр. изд. - Виена, 1903 г. - Изд. на БАН. Инст. за бълг. ез.
650 #4 - Допълнително описание по предмет – тема
Основно описание – тема или топоним Български език - диалекти
9 (RLIN) 241883
700 1# - Други автори (авторска отговорност)
Лично име Димова, Ана
Автороска отговорност (Описва отношението между автора и произведението) прев. от нем.
9 (RLIN) 364442
700 1# - Други автори (авторска отговорност)
Лично име Александров, Александър
Автороска отговорност (Описва отношението между автора и произведението) прев. от нем.
Друга информация Тенев, Теньо Динев
9 (RLIN) 363341
700 1# - Други автори (авторска отговорност)
Лично име Кочев, Иван
Автороска отговорност (Описва отношението между автора и произведението) предг. от
9 (RLIN) 368126
852 ## - Местоположение
Форматна сигнатура Цб 160742
856 4# - Електронен адрес и достъп
Електронен формат pdf - файл
Път до файла /url/
856 4# - Електронен адрес и достъп
Електронен формат pdf - файл
Път до файла /url/
942 ## - АРТИКУЛИ
Вид на библиотечния материал Книги
Скрит в OPAC Не
Koha issues (borrowed), all copies 1
944 ## - СЪЗДАВАНЕ И РЕДАКЦИЯ на ЗАПИСА
Създаване/Редакция Създаване
Дата на регистрацията/редакция 13.06.2004
Служител, извършил регистрацията/редакцията Читалня
944 ## - СЪЗДАВАНЕ И РЕДАКЦИЯ на ЗАПИСА
Създаване/Редакция Редакция
Дата на регистрацията/редакция 27.08.2015
Служител, извършил регистрацията/редакцията
999 ## - СИСТЕМНИ КОНТРОЛНИ НОМЕРА
Koha biblionumber 57133
Koha biblioitemnumber 57133
Наличности
Код за отписване Код за изгубен артикул Източник на класификационната схема Код за повреда Коз за рестрикции Код за отдаване Артикулен № Име на библиотеката - собственик Име на библиотеката, в която се намира в момента Статус (Текущо местоположение) Дата на вписване в системата Местоположение - отдел Цена в лева Инвентарен номер Систематично азбучна сигнатура Баркод Номер на екземпляра Цена в евро Служебна бележка Служебен тип на артикула
  Не е изгубен Universal Decimal Classification Не е повреден без рестрикции ползва се в читалня 91961 Регионална библиотека "Любен Каравелов" Русе Регионална библиотека "Любен Каравелов" Русе Читалня 1993-01-01 Читалня 3.07 536176 Ч 811.163.2/М 58 120000536176 1 1.57 Дата инв: 27.03.2017 Бележки инв: Ч2017 Книги
  Не е изгубен Universal Decimal Classification Не е повреден без рестрикции заемане за дома 91962 Регионална библиотека "Любен Каравелов" Русе Регионална библиотека "Любен Каравелов" Русе Заемна - подръчен фонд 1989-01-01 Заемна - подръчен фонд 3.07 536175 811.163.2/М 58 Л 120000536175 2 1.57 Дост: Pk Вид: Ф N: стар фонд Дата: 01.01.1989 Дата инв: 08.02.2018 Бележки инв: П2018 Книги
  Не е изгубен Universal Decimal Classification Не е повреден без рестрикции ползва се в читалня 91963 Регионална библиотека "Любен Каравелов" Русе Регионална библиотека "Любен Каравелов" Русе Хранилище 1989-01-01 Хранилище 3.07 527124 Цб 160742 120000527124 3 1.57 Дост: Dp Вид: Д N: стар фонд Дата: 01.01.1989 Книги
Vip Innovations Ltd, Rousse, Bulgaria 2025